Open Data Biblioteca Nacional de Portugal


República Portuguesa: Ministério da Cultura
Biblioteca Nacional de Portugal

Catálogo da BNP: acesso por Identificadores Unívocos
Registos Bibliográficos associados ao registo de autoridade

Etiqueta de registo: 00000nam 2200025 450
001 1857247
003 http://id.bnportugal.gov.pt/bib/catbnp/1857247
100 ## $a20131128d2012 k y0pory01030103ba
101 0# $apor r$deng
102 ## $aPT
105 ## $aa m 000yy
106 ## $ar
200 1# $aSistema de fluxo acústico de base polimérica para aplicações microfluídicas$fVanessa Fernandes Cardoso$gorient. Graça Maria Henriques Minas, Senentuxu Lanceros Méndez
210 #9 $a[Braga$cs.n.],$d2012
215 ## $aXXVIII, 180 p.$cil.$d30 cm
215 ## $a1 disco ótico (CD-ROM) em caixa$cil.$d13 x 15 x 1 cm
305 ## $aEd. impressa e em CD-ROM
320 ## $aContém bibliografia
328 #1 $aTese dout. Engenharia Biomédica, Escola de Engenharia, Univ. do Minho, 2012
675 ## $a542.06(043)$vBN$zpor$31258195
700 #1 $aCardoso,$bVanessa Fernandes$31554961
702 #1 $aMinas,$bGraça Maria Henriques$4727$31253137
702 #1 $aLanceros-Mendéz,$bSenentxu,$f1968-$31467590
801 #0 $aPT$bBN$gRPC
966 ## $lBN$mDEM$sS.A. 55626 P.$x1
966 ## $lBN$mFGMON$sS.A. 152754 V.$x1

Etiqueta de registo: 00000nam 2200025 450
001 2276557
003 http://id.bnportugal.gov.pt/bib/catbnp/2276557
100 ## $a20260305d2023 k y0pory01030103ba
101 0# $aeng$dpor
102 ## $aPT
105 ## $aa m 000yy
106 ## $ar
200 1# $a A new generation of microfluidic platforms based on smart and multifunctional materials$fRicardo Jorge Brito Gonçalves Pereira$gorient. Vanessa Fernandes Cardoso, Senentxu Lanceros-Méndez
210 #9 $a[S.l.$cs.n.],$d2023
215 ## $aXXVI, 260 p.$cil.$d30 cm
328 #1 $aTese dout. Engenharia de Materiais, Escola de Engenharia, Universidade do Minho, 2023
700 #1 $aPereira,$bRicardo Jorge Brito Gonçalves$31989315
702 #1 $aCardoso,$bVanessa Fernandes$4727$31554961
702 #1 $aLanceros-Mendéz,$bSenentxu,$f1968-$4727$31467590
801 #0 $aPT$bBN$gRPC
966 ## $lBN$mFGMON$x1
971 ## $corlando$d20260305

Etiqueta de registo: 00000nam 2200025 450
001 2278265
003 http://id.bnportugal.gov.pt/bib/catbnp/2278265
100 ## $a20260309d2023 k y0pory01030103ba
101 0# $aeng$dpor
102 ## $aPT
105 ## $aa m 000yy
106 ## $ar
200 1# $aEvaluation of drug loaded magnetoliposomes as multifunctional platforms for advanced cell therapies$fBeatriz Dias Cardoso$gorient. Elisabete M. S. Castanheira Coutinho, Vanessa Fernandes Cardoso, Senentxu Lanceros-Méndez
210 #9 $a[S.l.$cs.n.],$d2023
215 ## $aXXIV, 244 p.$cil.$d30 cm
328 #1 $aTese dout. Engenharia de Materiais, Escola de Engenharia, Universidade do Minho, 2023
700 #1 $aCardoso,$bBeatriz Dias$31990017
702 #1 $aCoutinho,$bElisabete Maria dos Santos Castanheira$4727$3237260
702 #1 $aCardoso,$bVanessa Fernandes$4727$31554961
702 #1 $aLanceros-Mendéz,$bSenentxu,$f1968-$4727$31467590
801 #0 $aPT$bBN$gRPC
966 ## $lBN$mFGMON$x1
971 ## $corlando$d20260309

OpendataBNP@bnportugal.pt | Mais informação sobre acesso aos dados BNP